[Event "Chess.com Speed Championship"]
[Site "chess.com INT"]
[Date "2017.08.30"]
[EventDate "2017.05.03"]
[Round "1.12"]
[Result "1/2-1/2"]
[White "Maxime Vachier-Lagrave"]
[Black "Jeffery Xiong"]
[WhiteElo "2795"]
[BlackElo "2652"]
[PlyCount "77"]

1. d4 Nf6 2. Bg5 d5 3. Nd2 c6 4. e3 Bf5 5. Ngf3 e6 6. Nh4 Bg6
7. c4 Nbd7 8. Qb3 Qb6 9. c5 Qxb3 10. axb3 a6 11. b4 Rc8 12. f3
Be7 13. Nxg6 hxg6 14. Nb3 e5 15. dxe5 Nxe5 16. Na5 Rb8 17. Bf4
Nfd7 18. Be2 Bh4+ 19. Kd2 Bf6 20. g4 b6 21. Nxc6 Nxc6 22. Bxb8
Ncxb8 23. cxb6 Nxb6 24. Bxa6 Bxb2 25. Bb5+ Ke7 26. Ra7+ N8d7
27. f4 Rh3 28. Bxd7 Nxd7 29. Ra2 Nb6 30. Rxb2 Nc4+ 31. Kc1
Nxb2 32. Kxb2 Rxe3 33. Rc1 Kd6 34. b5 d4 35. b6 Re7 36. Rc4
Rb7 37. Rxd4+ Kc5 38. Kc3 Rxb6 39. Rc4+ 1/2-1/2

[Event "Chess.com Speed Championship"]
[Site "chess.com INT"]
[Date "2017.08.30"]
[EventDate "2017.05.03"]
[Round "1.13"]
[Result "1/2-1/2"]
[White "Jeffery Xiong"]
[Black "Maxime Vachier-Lagrave"]
[WhiteElo "2652"]
[BlackElo "2795"]
[PlyCount "73"]

1. e4 c5 2. Nf3 d6 3. d4 cxd4 4. Qxd4 Nf6 5. Bg5 e6 6. Bb5+
Bd7 7. Bxf6 Qxf6 8. Qxf6 gxf6 9. Bxd7+ Nxd7 10. Nc3 Rc8
11. O-O-O Ne5 12. Nxe5 fxe5 13. Nb5 Kd7 14. Nxa7 Rc5 15. a4
Rc4 16. f3 Rxa4 17. Nb5 Rb4 18. Na3 Bh6+ 19. Kb1 Ra8 20. Rd3
f5 21. Rhd1 Ra6 22. c3 Rba4 23. exf5 exf5 24. Rd5 Bg7 25. Kc2
Rc6 26. Nb5 Raa6 27. f4 Ke6 28. fxe5 Bxe5 29. R5d3 Kf6 30. Rh3
Kg6 31. Nd4 Rc4 32. Nf3 Rg4 33. Nh4+ Kg5 34. Nf3+ Kg6 35. Nh4+
Kg5 36. Nf3+ Kg6 37. Nh4+ 1/2-1/2

[Event "Chess.com Speed Championship"]
[Site "chess.com INT"]
[Date "2017.08.30"]
[EventDate "2017.05.03"]
[Round "1.14"]
[Result "0-1"]
[White "Maxime Vachier-Lagrave"]
[Black "Jeffery Xiong"]
[WhiteElo "2795"]
[BlackElo "2652"]
[PlyCount "98"]

1. d4 Nf6 2. Nf3 e6 3. g3 d5 4. Bg2 Be7 5. O-O O-O 6. c4 dxc4
7. Qc2 c5 8. dxc5 Bxc5 9. Qxc4 Qe7 10. Nc3 a6 11. Bg5 Nbd7
12. Qh4 h6 13. Bf4 e5 14. Bg5 hxg5 15. Nxg5 Nb6 16. Be4 g6
17. Qh6 Re8 18. Nxf7 Qxf7 19. Bxg6 Qg7 20. Qxg7+ Kxg7 21. Bxe8
Nxe8 22. Rac1 Be7 23. Rfd1 Be6 24. Ne4 Bxa2 25. Nc5 Bd5 26. e4
Bc6 27. f3 Kf7 28. Nd3 Ke6 29. h4 Nf6 30. Kf2 Rf8 31. Ke3 Rg8
32. Rg1 Bf8 33. g4 Rh8 34. Rh1 Bb5 35. Nc5+ Bxc5+ 36. Rxc5
Nc4+ 37. Kf2 Nxb2 38. Rc7 Bc6 39. Rg7 Nd3+ 40. Ke3 Nf4 41. h5
Rd8 42. h6 Rd3+ 43. Kf2 Bxe4 44. fxe4 Nxe4+ 45. Kg1 Rg3+
46. Kf1 Rg2 47. h7 Rf2+ 48. Ke1 Nd3+ 49. Kd1 Nc3# 0-1

[Event "Chess.com Speed Championship"]
[Site "chess.com INT"]
[Date "2017.08.30"]
[EventDate "2017.05.03"]
[Round "1.15"]
[Result "0-1"]
[White "Jeffery Xiong"]
[Black "Maxime Vachier-Lagrave"]
[WhiteElo "2652"]
[BlackElo "2795"]
[PlyCount "56"]

1. e4 c5 2. Nf3 d6 3. d4 cxd4 4. Nxd4 Nf6 5. Nc3 a6 6. h3 e5
7. Nde2 h5 8. f4 h4 9. fxe5 dxe5 10. Qxd8+ Kxd8 11. Ng1 Bb4
12. Nf3 Nxe4 13. Bg5+ Nxg5 14. Nxg5 Ke7 15. O-O-O Bxc3
16. bxc3 f6 17. Ne4 Be6 18. Nc5 Nd7 19. Nxb7 Rhc8 20. c4 Rab8
21. Na5 Nb6 22. g3 hxg3 23. Rg1 Nxc4 24. Bxc4 Bxc4 25. Rxg3
Bxa2 26. Rxg7+ Bf7 27. Rg3 Rb5 28. Ra3 Rcc5 0-1

[Event "Chess.com Speed Championship"]
[Site "chess.com INT"]
[Date "2017.08.30"]
[EventDate "2017.05.03"]
[Round "1.16"]
[Result "1-0"]
[White "Maxime Vachier-Lagrave"]
[Black "Jeffery Xiong"]
[WhiteElo "2795"]
[BlackElo "2652"]
[PlyCount "119"]

1. e4 e5 2. Nf3 Nc6 3. Bc4 Bc5 4. c3 Nf6 5. d3 O-O 6. Bg5 Be7
7. O-O h6 8. Be3 d5 9. exd5 Nxd5 10. Nbd2 Bf5 11. Qe2 Re8
12. Rad1 Bf8 13. Ne4 a6 14. Bd2 Qd7 15. Rfe1 Kh8 16. Ng3 Bh7
17. Qf1 Nb6 18. d4 Nxc4 19. Qxc4 exd4 20. cxd4 Rxe1+ 21. Rxe1
Rd8 22. Bc3 f6 23. Rd1 Bg8 24. Qd3 Bxa2 25. Nh4 Bd5 26. Ng6+
Kg8 27. Nxf8 Rxf8 28. Nf5 Re8 29. Ne3 Nd8 30. Qg6 Bf7 31. Qg3
Qd6 32. Qxd6 cxd6 33. d5 b5 34. Ra1 Nb7 35. Rxa6 Nc5 36. Rxd6
Ne4 37. Rb6 Bxd5 38. Rxb5 Nxc3 39. bxc3 Be6 40. Rb1 Rc8
41. Rc1 g5 42. g3 Kf7 43. f4 Rd8 44. Rc2 gxf4 45. gxf4 Ke7
46. Kf2 Bb3 47. Rb2 Be6 48. Rb7+ Kd6 49. Rh7 Rc8 50. Rxh6 Ke7
51. f5 Bf7 52. Rh3 Rc5 53. Ke2 Kd6 54. Kd3 Ke5 55. Rh4 Rc8
56. Re4+ Kd6 57. Rd4+ Ke5 58. h4 Rg8 59. Ng4+ Kxf5 60. Nh6+
1-0

[Event "Chess.com Speed Championship"]
[Site "chess.com INT"]
[Date "2017.08.30"]
[EventDate "2017.05.03"]
[Round "1.17"]
[Result "0-1"]
[White "Jeffery Xiong"]
[Black "Maxime Vachier-Lagrave"]
[WhiteElo "2652"]
[BlackElo "2795"]
[PlyCount "76"]

1. d4 Nf6 2. c4 g6 3. Nf3 Bg7 4. g3 c5 5. d5 d6 6. Bg2 O-O
7. O-O e6 8. Nc3 exd5 9. cxd5 a6 10. a4 Re8 11. Re1 Nbd7
12. h3 Rb8 13. Bf4 Qc7 14. a5 b5 15. axb6 Nxb6 16. Rc1 Ne4
17. Nxe4 Rxe4 18. b3 a5 19. Nd2 Rd4 20. e4 Ba6 21. Be3 Rb4
22. Bf1 Bxf1 23. Kxf1 a4 24. bxa4 Nxa4 25. Kg2 c4 26. e5 c3
27. exd6 Qxd6 28. Nf3 Nb2 29. Qe2 Qxd5 30. Bf4 Rxf4 31. gxf4
Nd3 32. Rcd1 Nxf4+ 33. Kh2 Qh5 34. Qf1 Qxf3 35. Re3 Qa8
36. Rd7 c2 37. Ree7 c1=Q 38. Rxf7 Be5 0-1

[Event "Chess.com Speed Championship"]
[Site "chess.com INT"]
[Date "2017.08.30"]
[EventDate "2017.05.03"]
[Round "1.18"]
[Result "1-0"]
[White "Maxime Vachier-Lagrave"]
[Black "Jeffery Xiong"]
[WhiteElo "2795"]
[BlackElo "2652"]
[PlyCount "71"]

1. d4 Nf6 2. c4 e6 3. Nc3 Bb4 4. Qc2 c5 5. Nf3 cxd4 6. Nxd4
Nc6 7. Nxc6 dxc6 8. a3 Be7 9. Bf4 Qa5 10. Bd2 Qc7 11. e3 O-O
12. Bd3 Rd8 13. O-O-O e5 14. h4 b5 15. Ne4 bxc4 16. Bxc4 Nxe4
17. Qxe4 g6 18. Bc3 Rxd1+ 19. Rxd1 Bf6 20. g4 Qe7 21. g5 Bg7
22. Bb4 Qe8 23. Qxc6 Bg4 24. Qxe8+ Rxe8 25. Rd5 Be6 26. Rc5
Bf8 27. Rc7 Bxb4 28. axb4 Bxc4 29. Rxc4 Re6 30. Kc2 f6
31. Rc8+ Kg7 32. Rc7+ Kg8 33. Rxa7 fxg5 34. hxg5 e4 35. Kc3
Re5 36. Ra5 1-0

[Event "Chess.com Speed Championship"]
[Site "chess.com INT"]
[Date "2017.08.30"]
[EventDate "2017.05.03"]
[Round "1.19"]
[Result "0-1"]
[White "Jeffery Xiong"]
[Black "Maxime Vachier-Lagrave"]
[WhiteElo "2652"]
[BlackElo "2795"]
[PlyCount "122"]

1. e4 c5 2. Nf3 d6 3. d4 cxd4 4. Qxd4 Nf6 5. Bg5 e6 6. Nc3 Be7
7. Bb5+ Bd7 8. O-O-O Bxb5 9. Nxb5 Nc6 10. Qd3 O-O 11. Bxf6
Bxf6 12. Nxd6 Qc7 13. Qb5 a6 14. Qxb7 Qxb7 15. Nxb7 Rfb8
16. Nc5 Bxb2+ 17. Kd2 Ba3 18. Nd3 Rd8 19. Rb1 Rac8 20. Rb3 Na5
21. Rbb1 Nc4+ 22. Kd1 Nb2+ 23. Kd2 f6 24. Ne1 Nc4+ 25. Ke2 Nd6
26. Ke3 Nb5 27. Rb3 Rc4 28. f3 Rdc8 29. Kd2 Ra4 30. c3 Be7
31. Nc1 Nxc3 32. Rxc3 Bb4 33. Ne2 Ra3 34. Nc2 Bxc3+ 35. Kd3
Rd8+ 36. Kc4 Rxa2 37. Kb3 Rxc2 38. Kxc2 Rd2+ 39. Kxc3 Rxe2
40. Rg1 Kf7 41. h4 Kg6 42. Kd3 Ra2 43. g4 a5 44. e5 fxe5
45. Ke4 Re2+ 46. Kd3 Rb2 47. Ke4 Kf6 48. g5+ Kf7 49. Kxe5 Rb5+
50. Ke4 a4 51. Ra1 Ra5 52. h5 a3 53. f4 a2 54. Kd3 g6 55. h6
e5 56. Ke4 exf4 57. Kxf4 Ke6 58. Re1+ Kd6 59. Rd1+ Kc6
60. Rc1+ Kd5 61. Rd1+ Kc4 0-1

[Event "Chess.com Speed Championship"]
[Site "chess.com INT"]
[Date "2017.08.30"]
[EventDate "2017.05.03"]
[Round "1.21"]
[Result "0-1"]
[White "Jeffery Xiong"]
[Black "Maxime Vachier-Lagrave"]
[WhiteElo "2652"]
[BlackElo "2795"]
[PlyCount "46"]

1. b4 Nf6 2. Bb2 g6 3. Bxf6 exf6 4. a3 Bg7 5. d4 O-O 6. e3 d5
7. c4 a5 8. b5 c5 9. bxc6 bxc6 10. cxd5 Qxd5 11. Nc3 Qd6
12. Nf3 f5 13. Be2 c5 14. Nb5 Qe7 15. O-O cxd4 16. Nfxd4 Bb7
17. Bf3 Na6 18. Bxb7 Qxb7 19. Qf3 Qxf3 20. gxf3 Rfc8 21. Rac1
Bf8 22. Nc6 Nc5 23. Nbd4 Ra6 0-1

[Event "Chess.com Speed Championship"]
[Site "chess.com INT"]
[Date "2017.08.30"]
[EventDate "2017.05.03"]
[Round "1.22"]
[Result "1-0"]
[White "Maxime Vachier-Lagrave"]
[Black "Jeffery Xiong"]
[WhiteElo "2795"]
[BlackElo "2652"]
[PlyCount "53"]

1. e4 a6 2. Nf3 b5 3. a4 b4 4. d4 Bb7 5. Bd3 e6 6. O-O Nf6
7. Re1 d5 8. e5 Nfd7 9. Nbd2 c5 10. Nf1 Nc6 11. c3 Be7 12. Ng3
h5 13. h4 cxd4 14. cxd4 Bxh4 15. Nxh4 Qxh4 16. Be3 Nxd4
17. Rc1 Nc6 18. Qd2 Ncxe5 19. Bg5 Qd4 20. Rxe5 Qxe5 21. Re1
Qc7 22. Nf5 Nc5 23. Bf4 Qc6 24. Nd6+ Kf8 25. Rc1 a5 26. Bb5
Qb6 27. Be3 1-0

[Event "Chess.com Speed Championship"]
[Site "chess.com INT"]
[Date "2017.08.30"]
[EventDate "2017.05.03"]
[Round "1.23"]
[Result "0-1"]
[White "Jeffery Xiong"]
[Black "Maxime Vachier-Lagrave"]
[WhiteElo "2652"]
[BlackElo "2795"]
[PlyCount "86"]

1. b4 Nf6 2. Bb2 b6 3. e3 Bb7 4. a3 e6 5. Nf3 Be7 6. Rg1 O-O
7. g4 c5 8. g5 Ne4 9. h4 cxb4 10. axb4 Bxb4 11. Ne5 Nc6
12. Ng4 Kh8 13. Bd3 d5 14. Nf6 Nxf6 15. gxf6 g6 16. h5 e5
17. Nc3 Bxc3 18. Bxc3 Qxf6 19. Qg4 d4 20. Bb2 Nb4 21. Ke2 Nxd3
22. cxd3 Rfc8 23. f4 Rc2 24. fxe5 Bf3+ 25. Ke1 dxe3 26. exf6
exd2+ 27. Kf1 Bxg4 28. Rxg4 Rxb2 29. hxg6 fxg6 30. Rd1 Rf8
31. Rf4 g5 32. Rf5 a5 33. Ke2 a4 34. Rxd2 Rxd2+ 35. Kxd2 a3
36. Kc3 Ra8 37. f7 Kg7 38. Rxg5+ Kxf7 39. Rg1 a2 40. Ra1 h5
41. Kb4 h4 42. Kb5 h3 43. Kxb6 h2 0-1

[Event "Chess.com Speed Championship"]
[Site "chess.com INT"]
[Date "2017.08.30"]
[EventDate "2017.05.03"]
[Round "1.24"]
[Result "0-1"]
[White "Maxime Vachier-Lagrave"]
[Black "Jeffery Xiong"]
[WhiteElo "2795"]
[BlackElo "2652"]
[PlyCount "92"]

1. e4 a6 2. h4 b5 3. h5 Bb7 4. Qf3 Nc6 5. c3 d5 6. exd5 Ne5
7. Qg3 Qxd5 8. d4 Nd7 9. Nf3 Ngf6 10. Bd3 e6 11. h6 gxh6
12. Bxh6 Rg8 13. Qh2 Bxh6 14. Qxh6 Rxg2 15. Nbd2 Rxf2 16. Rh3
Rg2 17. O-O-O Qxa2 18. Bb1 Qd5 19. Ne1 Rg8 20. Nd3 Qg5
21. Qxg5 Rxg5 22. Rh6 Ke7 23. Nf4 c5 24. dxc5 Rxc5 25. Re1 Rg8
26. Nb3 Re5 27. Rf1 Rf5 28. Bxf5 exf5 29. Nd4 Be4 30. Re1 Kf8
31. Rh2 Nc5 32. b4 Na4 33. Kd2 Rg3 34. Rh3 Rg4 35. Nh5 Nd5
36. Ne2 Nb2 37. Nhg3 Nc4+ 38. Kc1 Bd3 39. Rd1 Bxe2 40. Nxe2
Nde3 41. Rd3 f4 42. Rxh7 f3 43. Rxe3 Nxe3 44. Kd2 fxe2
45. Kxe2 Nc4 46. Rh6 Rg6 0-1

[Event "Chess.com Speed Championship"]
[Site "chess.com INT"]
[Date "2017.08.30"]
[EventDate "2017.05.03"]
[Round "1.25"]
[Result "0-1"]
[White "Jeffery Xiong"]
[Black "Maxime Vachier-Lagrave"]
[WhiteElo "2652"]
[BlackElo "2795"]
[PlyCount "46"]

1. b4 a5 2. b5 a4 3. Bb2 d5 4. a3 c5 5. e3 Nf6 6. c4 d4
7. exd4 cxd4 8. Nf3 e5 9. Nxe5 Bc5 10. Nd3 Be7 11. Be2 O-O
12. O-O Bf5 13. Ne1 d3 14. Bf3 Nbd7 15. Nc3 Nb6 16. Bxb7 Ra7
17. Bc6 Nxc4 18. Nxa4 Qa5 19. Rc1 Qxa4 20. b6 Qxd1 21. Rxd1
Nxb6 22. Bd4 Rc7 23. Rc1 Rfc8 0-1

[Event "Chess.com Speed Championship"]
[Site "chess.com INT"]
[Date "2017.08.30"]
[EventDate "2017.05.03"]
[Round "1.26"]
[Result "1-0"]
[White "Maxime Vachier-Lagrave"]
[Black "Jeffery Xiong"]
[WhiteElo "2795"]
[BlackElo "2652"]
[PlyCount "121"]

1. g4 e5 2. c4 c6 3. Bg2 d6 4. e3 h5 5. gxh5 Qh4 6. d4 exd4
7. Qxd4 Qxd4 8. exd4 Rxh5 9. Nc3 Nf6 10. Nge2 Bh3 11. Bf3 Bg4
12. Bxg4 Nxg4 13. h3 Nf6 14. Ng3 Rh8 15. Be3 Nbd7 16. Ke2
O-O-O 17. Kf3 g6 18. Rae1 Rh4 19. b3 Bh6 20. Bxh6 Rxh6
21. Nce4 Kc7 22. Ng5 Rf8 23. Re7 Nh7 24. h4 Kd8 25. Ree1 Nxg5+
26. hxg5 Rxh1 27. Rxh1 f6 28. gxf6 Rxf6+ 29. Ke3 Nf8 30. Ne4
Re6 31. d5 cxd5 32. cxd5 Re5 33. Kd4 Ke7 34. Rc1 Kd7 35. Rg1
Rf5 36. Rg4 Ke7 37. f4 Rh5 38. Rg2 Rh4 39. Rf2 Rh5 40. Re2 Rh4
41. Nc5+ Kf7 42. Nxb7 Rxf4+ 43. Kd3 Rf6 44. Nd8+ Kg7 45. Re7+
Kg8 46. Rxa7 g5 47. Ra8 g4 48. Ra4 Rg6 49. Ke2 g3 50. Kf1 Nd7
51. Ne6 g2+ 52. Kg1 Ne5 53. Rf4 Rg3 54. Nd4 Rd3 55. Kxg2 Rd2+
56. Kg3 Rxa2 57. Nf5 Rd2 58. b4 Rd3+ 59. Kg2 Ng6 60. Rg4 Kh7
61. Rg5 1-0

[Event "Chess.com Speed Championship"]
[Site "chess.com INT"]
[Date "2017.08.30"]
[EventDate "2017.05.03"]
[Round "1.27"]
[Result "0-1"]
[White "Jeffery Xiong"]
[Black "Maxime Vachier-Lagrave"]
[WhiteElo "2652"]
[BlackElo "2795"]
[PlyCount "46"]

1. b4 h5 2. Bb2 h4 3. e4 d6 4. Nf3 e5 5. d4 Nc6 6. b5 Nxd4
7. Nxd4 exd4 8. Bxd4 Qg5 9. Nc3 Nf6 10. Be3 Qg6 11. f3 Be6
12. Qd2 O-O-O 13. Bd3 Qh5 14. Ne2 d5 15. e5 d4 16. exf6 dxe3
17. Qxe3 Bb4+ 18. Kf1 Bc5 19. Qf4 g5 20. Qe5 Rd5 21. Qc3 Re8
22. Re1 Qxf3+ 23. gxf3 Bh3# 0-1

[Event "Chess.com Speed Championship"]
[Site "chess.com INT"]
[Date "2017.08.30"]
[EventDate "2017.05.03"]
[Round "1.28"]
[Result "0-1"]
[White "Maxime Vachier-Lagrave"]
[Black "Jeffery Xiong"]
[WhiteElo "2795"]
[BlackElo "2652"]
[PlyCount "84"]

1. e4 a6 2. d4 b5 3. c4 Bb7 4. Nc3 b4 5. Nd5 e6 6. Ne3 Bxe4
7. d5 Nf6 8. Ne2 Bc5 9. Ng3 Bg6 10. h4 h5 11. Be2 d6 12. O-O
Nbd7 13. dxe6 fxe6 14. f4 Ng4 15. Bxg4 hxg4 16. Qxg4 Bf7
17. h5 Nf6 18. Qf3 Nxh5 19. Ne4 Bd4 20. Ng5 Nf6 21. Rd1 c5
22. Qc6+ Ke7 23. Rxd4 cxd4 24. Nc2 Rc8 25. Qb7+ Qc7 26. Qxb4
Qxc4 27. Qxc4 Rxc4 28. Ne1 Rhc8 29. Bd2 Bg6 30. b3 R4c6
31. Ngf3 Ne4 32. Ba5 Rc1 33. Rxc1 Rxc1 34. Nxd4 Ra1 35. a4 Nc5
36. Kf2 e5 37. fxe5 dxe5 38. Bb4 Kd6 39. Ndf3 Kd5 40. Bxc5
Kxc5 41. Nxe5 Be4 42. N1d3+ Kd4 0-1

[Event "Chess.com Speed Championship"]
[Site "chess.com INT"]
[Date "2017.08.30"]
[EventDate "2017.05.03"]
[Round "1.29"]
[Result "0-1"]
[White "Jeffery Xiong"]
[Black "Maxime Vachier-Lagrave"]
[WhiteElo "2652"]
[BlackElo "2795"]
[PlyCount "58"]

1. b4 h5 2. Bb2 h4 3. Nf3 d6 4. h3 e5 5. e3 f5 6. d4 e4
7. Nfd2 g5 8. d5 Nf6 9. c4 Bg7 10. Nc3 Nbd7 11. Qc2 Ne5
12. O-O-O O-O 13. f3 a5 14. a3 axb4 15. axb4 c5 16. dxc6 Nxc6
17. Qb3 Be6 18. fxe4 Qb6 19. Nd5 Bxd5 20. exd5 Nxb4 21. Kb1
Ne4 22. Nxe4 fxe4 23. Bxg7 Kxg7 24. Be2 Ra2 25. Rde1 Rfa8
26. Rhf1 Ra1+ 27. Kb2 R8a2+ 28. Kc3 Rc2+ 29. Qxc2 Ra3+ 0-1

[Event "Chess.com Speed Championship"]
[Site "chess.com INT"]
[Date "2017.08.30"]
[EventDate "2017.05.03"]
[Round "1.30"]
[Result "1/2-1/2"]
[White "Maxime Vachier-Lagrave"]
[Black "Jeffery Xiong"]
[WhiteElo "2795"]
[BlackElo "2652"]
[PlyCount "93"]

1. e4 a6 2. h4 b5 3. h5 Bb7 4. Qf3 Nc6 5. c3 d5 6. exd5 Ne5
7. Qg3 Qxd5 8. d4 Nd7 9. Be2 Ngf6 10. Bf3 Qe6+ 11. Ne2 Bxf3
12. Qxf3 Qd5 13. Qxd5 Nxd5 14. Nf4 Nxf4 15. Bxf4 c5 16. a4
bxa4 17. Rxa4 cxd4 18. cxd4 Nb6 19. Ra2 e6 20. Nc3 Bb4 21. Ke2
Kd7 22. Kd3 Rhc8 23. Rh3 Rc6 24. Rf3 Rac8 25. Bd2 f6 26. Rxa6
Nc4 27. Rxc6 Rxc6 28. Bc1 Nb6 29. h6 gxh6 30. Rxf6 Bxc3
31. bxc3 Rxc3+ 32. Kxc3 Nd5+ 33. Kd3 Nxf6 34. Bxh6 Ke8 35. f3
Kf7 36. Bf4 Kg6 37. Be5 Nd5 38. Ke4 h5 39. Bg3 Kf6 40. Bh4+
Kf7 41. Be1 Kf6 42. Bd2 Ne7 43. g4 hxg4 44. fxg4 Nd5 45. g5+
Kf7 46. Ke5 Ne7 47. Ke4 1/2-1/2

[Event "World Cup"]
[Site "Tbilisi GEO"]
[Date "2017.09.03"]
[EventDate "2017.09.03"]
[Round "1.1"]
[Result "1/2-1/2"]
[White "Muhammad Khusenkhojaev"]
[Black "Maxime Vachier-Lagrave"]
[WhiteElo "2455"]
[BlackElo "2789"]
[PlyCount "44"]

1. d4 Nf6 2. Nf3 g6 3. c4 Bg7 4. g3 c5 5. Bg2 O-O 6. O-O cxd4
7. Nxd4 d5 8. cxd5 Nxd5 9. Nb5 e6 10. N1c3 a6 11. Nxd5 axb5
12. Nb4 Qe7 13. Qb3 Ra4 14. Nd3 Nc6 15. Qxb5 Ra5 16. Qb6 Bd4
17. Qb3 Rd8 18. Bd2 Ra6 19. e3 Rb6 20. Qc2 Bg7 21. Bc3 e5
22. a3 Bf5 1/2-1/2

[Event "World Cup"]
[Site "Tbilisi GEO"]
[Date "2017.09.04"]
[EventDate "2017.09.03"]
[Round "1.2"]
[Result "1-0"]
[White "Maxime Vachier-Lagrave"]
[Black "Muhammad Khusenkhojaev"]
[WhiteElo "2789"]
[BlackElo "2455"]
[PlyCount "65"]

1. e4 e5 2. Nf3 Nc6 3. Bc4 Bc5 4. O-O Nf6 5. d3 a6 6. c3 d6
7. a4 h6 8. Re1 O-O 9. h3 Ba7 10. Nbd2 Ne7 11. Bb3 Ng6 12. d4
Re8 13. a5 c6 14. Bc2 Be6 15. Nf1 Qc7 16. Ng3 Rad8 17. Be3 Qb8
18. Qc1 Qc8 19. Bxh6 Bxh3 20. Bg5 Bg4 21. Bxf6 Bxf3 22. Nf5
Nf4 23. dxe5 dxe5 24. Bxe5 Ne2+ 25. Rxe2 Rxe5 26. gxf3 Qxf5
27. exf5 Rxe2 28. Qg5 Rd5 29. Be4 Bxf2+ 30. Kf1 Be3 31. Kxe2
Bxg5 32. Bxd5 cxd5 33. Rd1 1-0

[Event "World Cup"]
[Site "Tbilisi GEO"]
[Date "2017.09.06"]
[EventDate "2017.09.03"]
[Round "2.1"]
[Result "1-0"]
[White "Maxime Vachier-Lagrave"]
[Black "Boris Grachev"]
[WhiteElo "2804"]
[BlackElo "2654"]
[PlyCount "79"]

1. e4 c5 2. Nf3 Nf6 3. Nc3 d5 4. e5 Nfd7 5. e6 fxe6 6. Bb5 Nc6
7. O-O g6 8. Qe2 Bg7 9. Qxe6 Nb6 10. Bxc6+ bxc6 11. Qxc6+ Bd7
12. Qxc5 d4 13. Ne4 Rc8 14. Qa3 O-O 15. d3 h6 16. Re1 Kh7
17. c4 dxc3 18. Nxc3 Bc6 19. Qxe7 Bxf3 20. gxf3 Rc7 21. Qxd8
Rxd8 22. Bf4 Rf7 23. Be3 Bxc3 24. bxc3 Rxd3 25. Bd4 Nd5
26. Rad1 Rdxf3 27. c4 Nb4 28. Rd2 R3f4 29. Re8 g5 30. Be5 Rg4+
31. Kf1 Nc6 32. Bb2 Rgf4 33. Rh8+ Kg6 34. Rd6+ Kf5 35. Rxc6
Kg4 36. h3+ Kxh3 37. Rhxh6+ Kg4 38. Rhf6 Rb7 39. Be5 Kf3
40. Bxf4 1-0

[Event "World Cup"]
[Site "Tbilisi GEO"]
[Date "2017.09.07"]
[EventDate "2017.09.03"]
[Round "2.2"]
[Result "1/2-1/2"]
[White "Boris Grachev"]
[Black "Maxime Vachier-Lagrave"]
[WhiteElo "2654"]
[BlackElo "2804"]
[PlyCount "61"]

1. d4 Nf6 2. c4 g6 3. Nc3 d5 4. cxd5 Nxd5 5. e4 Nxc3 6. bxc3
Bg7 7. Nf3 c5 8. h3 O-O 9. Be3 Qa5 10. Bd2 Nc6 11. Be2 Qd8
12. d5 Ne5 13. Nxe5 Bxe5 14. O-O f5 15. f4 Bg7 16. Bc4 fxe4
17. Qe2 Kh8 18. Qxe4 Bf5 19. Qe2 a6 20. a4 b5 21. axb5 axb5
22. Rxa8 Qxa8 23. Bxb5 Qxd5 24. Bc4 Qe4 25. Qxe4 Bxe4 26. Re1
Rd8 27. Rxe4 Rxd2 28. Rxe7 Bxc3 29. Re8+ Kg7 30. Re7+ Kh8
31. Re8+ 1/2-1/2

[Event "World Cup"]
[Site "Tbilisi GEO"]
[Date "2017.09.12"]
[EventDate "2017.09.03"]
[Round "4.1"]
[Result "1/2-1/2"]
[White "Maxime Vachier-Lagrave"]
[Black "Alexander Grischuk"]
[WhiteElo "2789"]
[BlackElo "2783"]
[PlyCount "112"]

1. e4 e5 2. Nf3 Nc6 3. Bc4 Bc5 4. O-O Nf6 5. d3 d6 6. c3 a6
7. a4 h6 8. Re1 O-O 9. h3 a5 10. Nbd2 Be6 11. Bb5 Na7 12. d4
Nxb5 13. dxc5 Na7 14. b3 Re8 15. cxd6 Qxd6 16. Ba3 Qa6 17. b4
axb4 18. cxb4 b5 19. Bb2 Nc6 20. Nxe5 Nxb4 21. Re3 bxa4
22. Rg3 Red8 23. Qf3 Kh7 24. Ndc4 Nc2 25. Rxg7+ Kxg7 26. Nc6
Nd4 27. Nxd4 Bxc4 28. e5 Rg8 29. Nf5+ Kh7 30. Ne7 Rab8
31. exf6 Qb7 32. Qxb7 Rxb7 33. Nxg8 Rxb2 34. Rxa4 Kxg8
35. Rxc4 Rb6 36. Rxc7 Rxf6 37. Rc5 Kg7 38. g4 Rf3 39. Kg2 Ra3
40. f3 Ra2+ 41. Kg3 Ra3 42. h4 Rb3 43. h5 Ra3 44. Kf4 Ra4+
45. Kf5 Ra3 46. f4 Rf3 47. Rc6 Rf1 48. g5 hxg5 49. h6+ Kh7
50. Kxg5 Rg1+ 51. Kf5 Rh1 52. Ke5 Rxh6 53. Rxh6+ Kxh6 54. Kf6
Kh5 55. Kxf7 Kg4 56. Ke6 Kxf4 1/2-1/2

[Event "World Cup"]
[Site "Tbilisi GEO"]
[Date "2017.09.13"]
[EventDate "2017.09.03"]
[Round "4.2"]
[Result "1/2-1/2"]
[White "Alexander Grischuk"]
[Black "Maxime Vachier-Lagrave"]
[WhiteElo "2783"]
[BlackElo "2789"]
[PlyCount "25"]

1. e4 c5 2. Nf3 d6 3. d4 cxd4 4. Nxd4 Nf6 5. Nc3 a6 6. a4 g6
7. Be2 Bg7 8. O-O O-O 9. Be3 Nc6 10. Qd2 Rb8 11. h3 Bd7
12. Rfd1 Qc7 13. Nb3 1/2-1/2

[Event "World Cup"]
[Site "Tbilisi GEO"]
[Date "2017.09.14"]
[EventDate "2017.09.03"]
[Round "4.3"]
[Result "1/2-1/2"]
[White "Alexander Grischuk"]
[Black "Maxime Vachier-Lagrave"]
[WhiteElo "2783"]
[BlackElo "2789"]
[PlyCount "94"]

1. Nf3 c5 2. c4 Nc6 3. Nc3 e5 4. e3 Nf6 5. d4 e4 6. d5 exf3
7. dxc6 fxg2 8. cxd7+ Bxd7 9. Bxg2 g6 10. b3 Bg7 11. Bb2 O-O
12. Qd2 Qc7 13. O-O-O Bg4 14. f3 Rad8 15. Qe2 Be6 16. f4 Qe7
17. Bf3 h5 18. Kb1 Bh6 19. a4 Rxd1+ 20. Rxd1 Rd8 21. Rxd8+
Qxd8 22. Ka2 Qd7 23. Nb5 Bg7 24. e4 Ne8 25. Bxg7 Nxg7 26. Nxa7
Bg4 27. Bxg4 hxg4 28. Nb5 Nh5 29. f5 gxf5 30. exf5 Qxf5
31. Nd6 Qd7 32. Qe5 b6 33. a5 bxa5 34. Qxc5 Ng7 35. Qd5 Ne6
36. c5 Qc7 37. Qa8+ Nf8 38. Qd5 Ne6 39. Qa8+ Nf8 40. Qe8 f6
41. b4 Qh7 42. Qe2 axb4 43. Qxg4+ Kh8 44. Kb3 Nd7 45. Qxb4
Qd3+ 46. Kb2 Ne5 47. Qh4+ Kg8 1/2-1/2

[Event "World Cup"]
[Site "Tbilisi GEO"]
[Date "2017.09.14"]
[EventDate "2017.09.03"]
[Round "4.4"]
[Result "1/2-1/2"]
[White "Maxime Vachier-Lagrave"]
[Black "Alexander Grischuk"]
[WhiteElo "2789"]
[BlackElo "2783"]
[PlyCount "52"]

1. e4 e5 2. Nf3 Nc6 3. Bc4 Bc5 4. O-O Nf6 5. d3 d6 6. c3 a6
7. a4 h6 8. Re1 O-O 9. h3 a5 10. Nbd2 Be6 11. Bb5 Ne7 12. d4
exd4 13. Nxd4 Ng6 14. N2f3 c6 15. Nxe6 fxe6 16. Bc4 d5
17. exd5 exd5 18. Bd3 Ne4 19. Be3 Bxe3 20. Rxe3 Nf4 21. Bxe4
dxe4 22. Rxe4 Qf6 23. Re3 Nd5 24. Re1 Nf4 25. Re3 Nd5 26. Re1
Nf4 1/2-1/2

[Event "World Cup"]
[Site "Tbilisi GEO"]
[Date "2017.09.14"]
[EventDate "2017.09.03"]
[Round "4.5"]
[Result "1-0"]
[White "Maxime Vachier-Lagrave"]
[Black "Alexander Grischuk"]
[WhiteElo "2789"]
[BlackElo "2783"]
[PlyCount "87"]

1. e4 e5 2. Nf3 Nc6 3. Bc4 Bc5 4. O-O Nf6 5. d3 d6 6. c3 a6
7. a4 h6 8. Re1 O-O 9. h3 a5 10. Nbd2 Be6 11. Bb5 Ne7 12. d4
exd4 13. Nxd4 Bd7 14. Nf1 Ng6 15. Ng3 Re8 16. Bc4 c6 17. Be3
Qc7 18. Ba2 Re5 19. Qc2 Rae8 20. Nf3 R5e7 21. Bxc5 dxc5
22. Rad1 Bc8 23. Bc4 Qf4 24. Qd2 Be6 25. Bxe6 Rxe6 26. Qxf4
Nxf4 27. e5 N6d5 28. Ne4 Rg6 29. Nh4 Rge6 30. Nd6 Rb8 31. g3
Nxh3+ 32. Kg2 Ng5 33. f4 Nh7 34. f5 Re7 35. c4 Nc7 36. e6 fxe6
37. Ng6 Rd7 38. fxe6 Rdd8 39. Ne7+ Kf8 40. Nxc6 Rxd6 41. Nxb8
Ke7 42. Rxd6 Kxd6 43. Rd1+ Kxe6 44. Rd7 1-0